Score 0/27 Timer 03:00
1 Play Today
Hint 4-Letter Word % Correct
Rubik's ____ • CUBE •
99.8%
Summer solstice monthJUNE
96.8%
'88 hit: 'Every ____ Has Its Thorn'• ROSE •
94.3%
Exercise video star Fonda• JANE •
92.9%
A songTUNE
92.3%
Sit for a paintingPOSE
91.7%
Wind-driven sand hillDUNE
90.8%
Small pipeTUBE
90.5%
Display (a notice) in a public placePOST
87.5%
Floppy ____• DISK •
85.1%
'88 film: 'Gorillas in the ____'• MIST •
84.9%
'87 hit: '____ (Looks Like a Lady)'• DUDE •
84.8%
___-mash: a confused mixtureMISH
83.8%
David Letterman's 'Top Ten ____'LIST
82.3%
Hint 4-Letter Word % Correct
Deceptive schemeRUSE
81.7%
'82 film: 'The ___ American Virgin'• LAST •
81.3%
Dinner offeringDISH
80.4%
One may be checkeredPAST
80.2%
Ming dynasty art materialJADE
79.5%
Ancient mystical letterRUNE
79.2%
Patron saint of lost causesJUDE
79%
Not clothedBARE
75.3%
Hanger materialWIRE
66.2%
'Hard' or 'soft' followerWARE
62.1%
Like Solomon or AthenaWISE
60.3%
Tide rivalWISK
59.3%
'80s slang: '___ me out!'• BARF •
24.2%

Today's Daily Dose

Remove Ads.
Support Sporcle.
Get the best of Sporcle when you Go Orange. This ad-free experience offers more features, more stats, and more fun while also helping to support Sporcle. Thank you for becoming a member.

You're not logged in!

Compare scores with friends on all Sporcle quizzes.
OR
Log In

Show Comments

Extras

Top Quizzes Today


Score Distribution

Your Account Isn't Verified!

In order to create a playlist on Sporcle, you need to verify the email address you used during registration. Go to your Sporcle Settings to finish the process.

Report this User

Report this user for behavior that violates our Community Guidelines.

Details: